Science Quiz

Random Science or Chemistry Quiz

Chemist Names Matchup 2 Quiz Stats

Quiz not verified by Sporcle

Challenge
Share
Tweet
Score 0/10 Timer 01:30
0 Plays Today
% Correct
Pierre
92.6%
Amedeo
81%
Rosalind
70.4%
Henry
69.3%
John
64.6%
Otto
63%
Joseph Louis
61.4%
Nicolas
59.8%
Karl
57.7%
Melvin
42.9%

You're not logged in!

Compare scores with friends on all Sporcle quizzes.
Join for Free
OR
Log In

You Might Also Like...

Show Comments

Extras

Top Quizzes Today


Score Distribution

Your Account Isn't Verified!

In order to create a playlist on Sporcle, you need to verify the email address you used during registration. Go to your Sporcle Settings to finish the process.

Report this User

Report this user for behavior that violates our Community Guidelines.

Details: